Panchayathi raj / (Record no. 12083)
[ view plain ]
| 000 -LEADER | |
|---|---|
| fixed length control field | 00258cam a2200109ua 4500 |
| 082 ## - DEWEY DECIMAL CLASSIFICATION NUMBER | |
| Classification number | 352.0072 |
| Item number | DEY/PA |
| 100 ## - MAIN ENTRY--AUTHOR NAME | |
| Personal name | Dey, S.K . |
| 245 ## - TITLE STATEMENT | |
| Title | Panchayathi raj / |
| 260 ## - PUBLICATION, DISTRIBUTION, ETC. (IMPRINT) | |
| Place of publication | Mumbai : |
| Name of publisher | Asia Publishing House , |
| Year of publication | 1962. |
| 300 ## - PHYSICAL DESCRIPTION | |
| Number of Pages | 139 ; . |
| 942 ## - ADDED ENTRY ELEMENTS (KOHA) | |
| Koha item type | Books |
| Withdrawn status | Lost status | Damaged status | Home library | Current library | Date acquired | Full call number | Accession Number | Koha item type |
|---|---|---|---|---|---|---|---|---|
| Withdrawn | KAUAET | Malayalam University | 07/04/2012 | 352.0072 | 3326 | Books | ||
| Withdrawn | KAUAET | Malayalam University | 07/04/2012 | 352.0072 | 2589 | Books |
